ARRUPE JESUIT UNIVERSITY

CORONAVIRUS -STOP THE SPREAD - CLEAN,DISINFECT,COVER

Kitchen-Kafir grammar & vocabulary. (Record no. 124073)

MARC details
000 -LEADER
fixed length control field 00768cam a2200277I 4500
001 - CONTROL NUMBER
control field 4983268
003 - CONTROL NUMBER IDENTIFIER
control field ARRUPE
005 - DATE AND TIME OF LATEST TRANSACTION
control field 20160209095235.0
008 - FIXED-LENGTH DATA ELEMENTS--GENERAL INFORMATION
fixed length control field 940614s19uu sa 000 0 eng
010 ## - LIBRARY OF CONGRESS CONTROL NUMBER
LC control number 45018448
035 ## - SYSTEM CONTROL NUMBER
System control number (OCoLC)ocm30601323
035 ## - SYSTEM CONTROL NUMBER
System control number (NNC)4983268
040 ## - CATALOGING SOURCE
Original cataloging agency DLC
Transcribing agency NDD
Modifying agency OCL
-- VYN
050 ## - LIBRARY OF CONGRESS CALL NUMBER
Classification number SPC PM7895.F3
092 ## - LOCALLY ASSIGNED DEWEY CALL NUMBER (OCLC)
Classification number 496
Item number L793k
099 ## - LOCAL FREE-TEXT CALL NUMBER (OCLC)
Classification number 0074
300 ## - PHYSICAL DESCRIPTION
Dimensions 17 cm.
100 1# - MAIN ENTRY--PERSONAL NAME
Personal name Lloyd, B. G.
9 (RLIN) 21906
245 10 - TITLE STATEMENT
Title Kitchen-Kafir grammar & vocabulary.
Statement of responsibility, etc by B.G. Lloyd.
250 ## - EDITION STATEMENT
Edition statement 7th edition
260 ## - PUBLICATION, DISTRIBUTION, ETC. (IMPRINT)
Place of publication, distribution, etc Cape Town
Name of publisher, distributor, etc Central News Agency, Ltd.
Date of publication, distribution, etc [1944?]
300 ## - PHYSICAL DESCRIPTION
Extent 48 p.
650 #0 - SUBJECT ADDED ENTRY--TOPICAL TERM
Topical term or geographic name as entry element Kafir language (Bantu)
Form subdivision Glossaries
9 (RLIN) 21907
650 #0 - SUBJECT ADDED ENTRY--TOPICAL TERM
Topical term or geographic name as entry element Kafir language (Bantu)
General subdivision Grammar.
9 (RLIN) 21908
942 ## - ADDED ENTRY ELEMENTS (KOHA)
Source of classification or shelving scheme Library of Congress Classification
Koha item type SPC
Holdings
Withdrawn status Lost status Source of classification or shelving scheme Damaged status Not for loan Collection code Home library Current library Shelving location Date acquired Total Checkouts Full call number Barcode Date last seen Copy number Price effective from Koha item type
    Library of Congress Classification     SPECIAL Collection ARRUPE LIBRARY ARRUPE LIBRARY Reference 28/01/2016   SPC PM7895.F3 46500006165 28/01/2016 SPC PM7895.F3 28/01/2016 SPC

 

Arrupe Library. PO Box MP320 Mt Pleasant, Harare, Zimbabwe
263 242 745411|librarian@aju.ac.zw